Anayasal sosyal haklar : (Record no. 200129503)
[ view plain ]
| 000 -LEADER | |
|---|---|
| fixed length control field | 00961 a2200289 4500 |
| 001 - CONTROL NUMBER | |
| control field | 200129503 |
| 003 - CONTROL NUMBER IDENTIFIER | |
| control field | TR-AnTOB |
| 005 - DATE AND TIME OF LATEST TRANSACTION | |
| control field | 20231130114125.0 |
| 008 - FIXED-LENGTH DATA ELEMENTS--GENERAL INFORMATION | |
| fixed length control field | 130527s2012 tu 000 0 |
| 020 ## - INTERNATIONAL STANDARD BOOK NUMBER | |
| International Standard Book Number | 9786054354245 |
| 040 ## - CATALOGING SOURCE | |
| Original cataloging agency | TR-AnTOB |
| 041 ## - LANGUAGE CODE | |
| Language code of text/sound track or separate title | Türkçe |
| 050 #0 - LIBRARY OF CONGRESS CALL NUMBER | |
| Classification number | KKX1469 |
| Item number | .A53 2012 |
| 090 ## - LOCALLY ASSIGNED LC-TYPE CALL NUMBER (OCLC); LOCAL CALL NUMBER (RLIN) | |
| Classification number (OCLC) (R) ; Classification number, CALL (RLIN) (NR) | KKX1469 .A53 2012 |
| 245 10 - TITLE STATEMENT | |
| Title | Anayasal sosyal haklar : |
| Remainder of title | Avrupa sosyal şartı, karşılaştırmalı hukuk ve Türkiye / |
| Statement of responsibility, etc. | editör İbrahim Ö. Kaboğlu. |
| 264 #1 - PRODUCTION, PUBLICATION, DISTRIBUTION, MANUFACTURE, AND COPYRIGHT NOTICE | |
| Place of production, publication, distribution, manufacture | İstanbul : |
| Name of producer, publisher, distributor, manufacturer | Legal Yayıncılık, |
| Date of production, publication, distribution, manufacture, or copyright notice | 2012. |
| 300 ## - PHYSICAL DESCRIPTION | |
| Extent | 307 p. ; |
| Dimensions | 24 cm. |
| 490 0# - SERIES STATEMENT | |
| Series statement | Hukuk Kitapları Serisi ; |
| Volume/sequential designation | 176 |
| 504 ## - BIBLIOGRAPHY, ETC. NOTE | |
| Bibliography, etc. note | |
| 650 #7 - SUBJECT ADDED ENTRY--TOPICAL TERM | |
| Topical term or geographic name entry element | Sosyal mevzuat |
| Geographic subdivision | Türkiye |
| Source of heading or term | etuturkob |
| 9 (RLIN) | 74110 |
| Topical term or geographic name entry element | Social legislation |
| Geographic subdivision | Turkey |
| 9 (RLIN) | 74111 |
| Topical term or geographic name entry element | Social legislation |
| Geographic subdivision | Europe |
| 9 (RLIN) | 87794 |
| Topical term or geographic name entry element | Sosyal mevzuat |
| Geographic subdivision | Avrupa |
| Source of heading or term | etuturkob |
| 9 (RLIN) | 89689 |
| 700 1# - ADDED ENTRY--PERSONAL NAME | |
| Personal name | Kaboğlu, İbrahim Ö. |
| 9 (RLIN) | 81283 |
| 942 ## - ADDED ENTRY ELEMENTS (KOHA) | |
| Koha item type | Book |
| Withdrawn status | Lost status | Source of classification or shelving scheme | Not for loan | Collection code | Home library | Current library | Shelving location | Date acquired | Source of acquisition | Cost, normal purchase price | Serial Enumeration / chronology | Inventory number | Total Checkouts | Total Holds | Full call number | Barcode | Date last seen | Date last checked out | Copy number | Cost, replacement price | Date shelved | Koha item type |
|---|---|---|---|---|---|---|---|---|---|---|---|---|---|---|---|---|---|---|---|---|---|---|
| Ödünç Verilebilir / Available | Genel Koleksiyon | Merkez Kütüphane | Merkez Kütüphane | Genel Koleksiyon / Main Collection | 27/05/2013 | Satın Alma / Purchase | 0.00 | 1 | HUK | 2 | KKX1469 .A53 2012 | 0042063 | 19/11/2019 | 21/08/2019 | 1 | 25.92 | 11/02/2013 | Book |
